=LDR 00000nam 2200000 4500 =001 INLIS000000000003882 =005 20250610113856 =035 ##$$a 0010-0625000087 =007 ta =008 250610################g##########0#ind## =082 ##$$a 378.2 =084 ##$$a 378.2 NUR k =100 #$$a Nurzainun =245 1#$$a Kertas Kerja Perseorangan (KKP) Rencana Kerja Peningkatan Kinerja Pengelolaan Kegiatan Kelompok BLK Pada Seksi Kualitas Lingkungan Wilayah Khusus di Direktorat Peningkatan Kualitas Lingkungan Keluarga BKKBN /$c NURZAINUN, S.PSi, M.Si, Psi =260 ##$$a Jakarta :$b BKKBN,$c 2010 =300 ##$$a viii, 53 hlm : $b ilus ; $c 29 cm =650 #4$$a Program KB =504 ##$$a Bibliografi : halaman 50-51